IEP Lyon 2A - CF Economie Internationale (2) - Statistiques

Statistiques générales
  • Ce quiz a été pris 8 fois
  • Le résultat moyen est 19 sur 35
Statistiques - réponses
Hint Réponse % Correct
On dira qu’un pays possède un avantage ... dans la production d’un bien si son coût d’opportunité est inférieur à celui des autres pays. comparatif
100%
H et O sont économistes suédois et Samuelson économiste Am (Px Nobel). Modèle des a 60
qui revisite l’analyse ricardienne, s’intéresse à ce qu’il se passe pour différents pays et
s’intéresse à la dimension ... plus qu’à la productivité.
factoriel
100%
● Si ce que je gagne en prix relatif du fromage par rapport au vin est plus important que le coût relatif de production du fromage par rapport au vin, alors : plus bénéfique de se spécialiser dans la production de ... si prix équivalent peu importe fromage
100%
Le modèle de Ricardo est fondé sur la notion de coût d'... qui s'ajoute au coût de production lorsqu'on produit un bien : question de renoncement de produire un autre produit, choix d'allocation des ressources (exemple des chemises/voitures avec la Chine) opportunité
100%
● la valeur de la [réponse précédente] est le coût d’opportunité (Alf/Alv): càd la ... de travail demandée pour la production de fromage par rapport à la ... de travail demandée pour produire du vin. C’est le coût du travail. quantité
100%
Modèle avec deux pays : domestique et étranger, 2 biens : vêtements et nourriture et deux facteurs de prods : Terre et Travail. Si ALV/ ATV > ALN / ATN, alors le pays produira des ... vêtement
100%
Après la 2nde guerre mondiale, le UK était ... fois moins productif que les USA, on aurait pu le penser incapable de produire des biens. Or, leurs salaires étaient plus de ... fois plus faibles qu’aux USA également. Ces industries se sont maintenues grâce à des salaires moins importants. 2
75%
Le PIB est fonction du facteur L, facteur K et des ... collectifs -> en quoi ... coll affectent PIB ? Et les biens collectifs sont eux-mêmes fonction du PIB -> en quoi PIB affecte ... coll ? ex : quand Etat subventionne la R&D, on peut imaginer que les biens collectifs font augmenter. bien
75%
4 dragons : Singapour, Taiwan, Corée du Sud et Hong Kong, caractérisés par une ... économique phénoménale dans les années 60 croissance
75%
Va à l’encontre de l’argument brandi du ... social qui serait induit par la mondialisation
(ouvrier français serait payé comme ouvrier indien) car il faut prendre en compte la
productivité : la France pourra maintenir des salaires élevés tant que sa productivité sera forte.
dumping
75%
Ici, on fait l’hypothèse qu’il y a deux économies :
● nationale notée comme précédemment
● ... notée avec *, par exemple sa quantité de travail disponible est L*
étrangère
75%
Il s'intéresse non pas aux facteurs L et K mais au facteur technologique et fonde le concept de capital ... (la formation favorise le facteur L) humain
75%
On pourrait penser que les EU sont mieux dotés en ... donc se spécialiseraient dans la prod intensive en ... Or on observe l’inverse : importent des biens plus riches en .. et exportent des biens moins riches en .... De même, on observe qu’ils importent des biens moins riches en L qu’ils n’en exportent. Si on observe le ratio .../L, on voit que les importations ont un ratio supérieur aux exportations : ... plus intensif relativement au L dans les importations que dans les exportations. K / capital
75%
On en vient à HOS : il vont mesurer aussi la ... de terre par rapport à la ... de travail : si
on se déplace vers la droite, ça veut dire que ... terre > ... travail. Droite production
vêtement montre que ratio terre/travail mobilisé est moins important que pour la
production de nourriture.
quantité
75%
Tableau 2 - On fait une hypothèse sur les prix.
● Dans l’économie domestique pour 1kg de fromage, le travail sera payé 12 euros de l’heure
● Dans le pays étranger, pour 1kg de fromage, le travail sera payé 4 euros de l’heure
Les travailleurs domestiques sont mieux ... que les travailleurs étrangers : le salaire relatif des pays domestiques rapportés au salaire étranger est 12/4 = 3
rémunéré
75%
Paramètre du prix Prix relatif des vêtements = PV/PN articuler avec les niveaux de rémunération w/r
Ordonnées 1 = prix des vêtements et de la nourriture sont équivalent
● Plus on monte, le prix des vêtements augmente plus ... que celui de la nourriture
vite
75%
Graphique de la croissance économique en France :
- 1950-1975 (30 Glorieuses) : graphique en dents de scie mais moyenne annuelle de
...% avec des années où on est monté à 8% ; épisodes de récession, fort en 1975
- 1976-2000 : moyenne annuelle de 2,1% -> divisé par deux ; récession en 1993 - 2000-2019 : moyenne annuelle de 1,3% (récession en 2008)
5,3%
50%
On observe donc que les exportations US nécessitent un travail avec plus d'... de formation/études; et dans les exportations il y a une plus grande proportion d'ingénieurs et de scientifiques. Le paradoxe est donc levé si on remplace L et K par L qualifié / L non qualifié année
50%
Frontière des possibilités de production définie par les contraintes de ... en facteurs dotation
50%
Quel est le nom du pelo qui pointe un paradoxe de la situation américaine ? Léontieff / Baldwin
50%
On compare le coût d’opportunité de l’éco domestique (aLF*/aLV*) à celui de l’éco étrangère
(aLF/aLV) : si le coût d’opportunité LF/LV est meilleur pour éco domestique, se sép en prod
fromage car veut dire que pays domestique plus ... dans prod fromage que vin DONC
importera du vin.
productif
50%
Courbe allemande croissante = à mesure que l’intensité s’accroit, la part des importations en provenance d’Allemagne s’accroit
Courbe décroissante Bangladesh = inverse
● 0.3% des importations pour 5% du travail qualifié
● Le Bangladesh s’est spécialisé dans la production de biens pauvres en travail ...
qualifié
50%
Conclusion HOS
Prédiction de HOS comme quoi pays se spé sur intensité factorielle se retrouve vérifiée,
non pas sur distinction L et K mais d’avantage sur distinction L peu ... et L fort ...
C’est complémentaire dans analyse CI : ne remplace pas Ricardo mais complète pour mieux
comprendre spécialisation des pays (à partir avantages comparatifs OU intensités
factorielles).
qualifié
50%
2 types de facteurs
- Facteurs non ... : on ne peut pas remplacer un facteur par un autre
- Facteurs ... : on peut remplacer un facteur par un autre
o Y = PV*QV+PN*QN (P = prix, Q = quantité) = richesse globale
substituable
50%
Pour Ricardo, ce qui compte ce n’est tant la productivité : le prix du ... compte tout autant car permet de compenser productivité. Tant qu’un pays a un niveau de productivité supérieur à son niveau de salaire, il a intérêt à produire les produits concernés. travail
50%
Quel pelo essaie de lever le paradoxe ? Gary Becker
25%
1998 Japon (même si courbe la même quasi que Europe, la traiter à part) : bond par rapport à situation de 1960 et la part des ... vers les USA s’accroit à mesure que L qualifié s’accroit : même niveau que Europe occidentale : Japon l’a rattrapé (malgré retard sortie 2nde GM) importation
25%
Pour un niveau donné de w/r on va avoir l’... factorielle du travail donnée
Est-ce que l'... factorielle du ratio terre/travail est la même que le niveau de rémunération w/r1 pour la production de nourriture ?
● Non, la production de vêtement est moins intensive en terre qu’en travail
● A contrario, pour la nourriture l’intensité de terre par rapport au travail s’accroit
Que se passe til si désormais la rémunération du facteur travail augmente plus vite que le facteur de la terre ?
● Dans les vêtements, si le prix du facteur travail s’accroit par rapport à la terre, alors augmentation de la quantité de terre utilisée par rapport au travail (substituer les facteurs)
intensité
25%
Un pays donné produit fromage et vin. Le pays dispose d’une main d’oeuvre L qu’il doit affecter. graphique
● la ... représente toutes les productions possibles à l’équilibre
● les variables de cette ... sont les quantités de travail par secteur
pente
25%
1960s :
La part venant des NPI (HK, Corée du Sud, Taiwan…) dans les importations US ... à mesure que l’intensité factorielle s’accroit en travail qualifié = signe que ces pays se sont spécialisés dans des biens riches en travail peu qualifié
L’Europe s’est spécialisée dans les biens en travail qualifié
décroit
0%
En l’absence d’économie internationale, les prix étaient uniquement déterminés par les quantités de travail nécessaires. Avec l’économie internationale des facteurs comparatifs des économies extérieures interviennent aussi ⇒ ce qui garantit la ... de production des biens. diversité
0%
● Ricardo : économiste classique, 19ème. ● “Principe de l’économie politique et de l’Impôt” ⇒ rôle majeur sur abolition des corn-laws car au travers des gains d’..., a convaincu les politiques que barrières tarifaires = limite commerce. échange
0%
⇒ Condition du commerce = diversité des biens. MAIS : impossible calcul des coûts d’opportunité à l’échelle mondiale ⇒ aucune instance internationale ne peut calculer et affecter les production aux pays en fonction de l’avantage. Il faut s’en remettre au ... international (commissaire priseur) marché
0%
... des rémunérations relatif : rémunération travail/rémunération terre : si = 1, rémunération est la même. Si supérieur à 1, facteur L plus rémunéré que le facteur terre. Si inférieur à 1, facteur travail moins rémunéré que facteur terre. ratio
0%
Mais productivité domestique plus importante : Le salaire ... est compris entre les productions relatives des deux pays de telle manière que chaque pays a un avantage en termes de coûts dans l’un des 2 secteurs. En effet :
● Travailleur domestique plus productif que travailleur étranger
● MAIS salaire étranger + faible que salaire domestique : compensation moindre productivité
⇒ prix plus compétitif
relatif
0%
Aucun quiz correspondant
Distribution des résultats
% des personnes avec chaque résultat
Percentile par nombre de réponses
Votre historique - résultats
Vous n’avez pas pris ce quiz